| 000 | 00556nam a2200181 a 4500 | ||
|---|---|---|---|
| 005 | 20260322212012.0 | ||
| 008 | data | ||
| 010 | _a61-8750 | ||
| 090 | _aLC 4019 C888t 1961 | ||
| 100 | 1 | _aCruickshank, William M. | |
| 245 | 1 | 2 |
_aA teaching method for brain-injured and hyperactive children/ _cWilliam M. Cruickshank. |
| 260 |
_aSyracuse, N.Y. _bSyracuse University Press _cc1961 |
||
| 300 | _axxi, 576 p. illus., tables. | ||
| 500 | _aIncludes bibliographies. | ||
| 520 | _aA demonstration-pilot study. | ||
| 650 | 0 | 2 |
_aDisabled Children _xeducation |
| 001 | data | ||
| 999 |
_c238 _d238 |
||